| 000 | 00635nam a22002417a 4500 | ||
|---|---|---|---|
| 003 | OSt | ||
| 005 | 20260415141726.0 | ||
| 007 | ta | ||
| 008 | 260415b bl ||||| |||| 00| 0 por d | ||
| 020 | _q(encad.) | ||
| 040 |
_bpor _cOSt |
||
| 041 | 1 |
_apor _heng |
|
| 082 |
_aR004.678 _bD546d |
||
| 210 | _2Dicionário da internet | ||
| 245 | 1 | 0 | _aDicionário da internet / |
| 260 |
_aSão Paulo : _bEditora Quark, _c1996. |
||
| 300 |
_a106 p. : _c17,5 cm |
||
| 650 | 0 | 4 | _aDicionário |
| 650 | 0 | 4 | _aInternet |
| 700 | 1 |
_aFranco, Carlos Eduardo _91099 _eeditor |
|
| 700 | 1 |
_aNishikiori, Fábio Koiti _91100 _etradutor |
|
| 942 |
_2ddc _cLIV _n0 |
||
| 999 |
_c795 _d795 |
||